000 01655nam a22002897a 4500
001 114087
003 DR-UNIBE
005 20250919084944.0
008 250918b2025 dr ||||| |||| 00| 0 spa d
040 _aBIBLIOTECA UNIBE
_cBIBLIOTECA UNIBE
_erda
041 _aspa
110 2 _aRepública Dominicana.
_bMinisterio de la Vivienda y Edificaciones (MIVED)
_9199283
245 1 0 _aCDCRD Código de construcción de la República Dominicana
250 _aPrimera edición
260 _a[Lugar de publicación no identificado] :
_bMinisterio de la Vivienda y Edificaciones (MIVED),
_c2025
300 _a5 volúmenes
505 _aVolumen 1. Tomo 1. Análisis y diseño estructural en edificaciones | Volumen 1. Tomo 2. Análisis y diseño estructural en edificaciones | Volumen 2. Instalaciones hidrosanitarias en edificaciones | Volumen 3. Instalaciones eléctricas en edificaciones | Volumen 4. Recomendaciones para instalaciones mecánicas en edificaciones | Volumen 5. Diseño arquitectónico en edificaciones |
650 7 _2lemb
_aViviendas
_xDiseño de estructuras
_zRepública Dominicana
_9199309
650 7 _2lemb
_aEdificación
_xDiseño de estructuras
_zRepública Dominicana
_9199310
650 7 _2lemb
_aConstrucción
_xDiseño de estructuras
_zRepública Dominicana
_9199311
650 7 _aInstalaciones eléctricas
_zRepública Dominicana
_2lemb
_9199312
650 7 _aInstalaciones sanitarias
_zRepública Dominicana
_9199313
650 7 _aDiseño arquitectónico
653 0 0 _aAguas residuales -- Instalación
856 _uhttps://unibe.libguides.com/ingenieria/manuales_y_estandares#s-lg-box-wrapper-28626580
942 _2ddc
_cEB
999 _c114087
_d114087